Welcome to CU Library Online Public Access Catalogue (OPAC)

MANAGEMENT ACCOUNTING: (Record no. 8790)

MARC details
000 -LEADER
fixed length control field 00462nam a2200169 4500
005 - DATE AND TIME OF LATEST TRANSACTION
control field 20260220095817.0
008 - FIXED-LENGTH DATA ELEMENTS--GENERAL INFORMATION
fixed length control field CUC123
020 ## - INTERNATIONAL STANDARD BOOK NUMBER
International Standard Book Number 9780131230262
050 ## - LIBRARY OF CONGRESS CALL NUMBER
Classification number HF5657.4 ATK
Item number 1
100 ## - MAIN ENTRY--PERSONAL NAME
Personal name ATKINSON A. ANTHONY
245 ## - TITLE STATEMENT
Title MANAGEMENT ACCOUNTING:
Remainder of title The Robert s. kaplan series in management accounting
260 ## - PUBLICATION, DISTRIBUTION, ETC.
Place of publication, distribution, etc. New Jersey
Name of publisher, distributor, etc. peason prentice hall
Date of publication, distribution, etc. 2004c
500 ## - GENERAL NOTE
General note index,
700 ## - ADDED ENTRY--PERSONAL NAME
Personal name KO0PLAN, S ROBERT
700 ## - ADDED ENTRY--PERSONAL NAME
Personal name YOUNG S. MARK
942 ## - ADDED ENTRY ELEMENTS (KOHA)
Source of classification or shelving scheme Library of Congress Classification
Koha item type Books
Suppress in OPAC No
999 ## -
-- 8790
-- 8790
Holdings
Withdrawn status Lost status Source of classification or shelving scheme Damaged status Not for loan Collection Home library Current library Shelving location Date acquired Total checkouts Full call number Barcode Date last seen Copy number Price effective from Koha item type Public note
    Library of Congress Classification     Non-fiction Graduate Library (Christ Temple) Graduate Library (Christ Temple) General stacks 02/23/2026   HF 5657.4.E35 EDM GSCT00002861 02/23/2026 1 02/23/2026 Books EAQ
© 2023-2024 Copyright: Central University Libraries. All Rights Reserved | Created by: Mahone Tech Office